Hollow Knight: Silksong - All Bosses - Statistics

General Stats
  • This quiz has been taken 1,377 times
  • The average score is 31 of 42
Answer Stats
Hint Answer % Correct
Deep Docks Lace #1
97%
The Cradle Lace #2
97%
Moss Grotto Moss Mother
96%
Blasted Steps Last Judge
90%
Bellhart Widow
90%
The Cradle Grand Mother Silk
89%
Far Fields Fourth Chorus
88%
The Marrow Bell Beast
86%
Cogwork Core Cogwork Dancers
86%
The Abyss Lost Lace
86%
Greymoor Moorwing
86%
Shellwood Sister Splinter
85%
Bilewater Groal The Great
84%
The Slab First Sinner
81%
The Marrow Skull Tyrant
81%
Hunter's March Savage Beastfly
78%
Blasted Steps Great Conchflies
77%
Sands of Karak Raging Conchfly
77%
Far Fields Skarrsinger Karmelita
77%
Whispering Vaults Trobbio
77%
Bilewater Phantom
76%
Sands of Karak Crust King Khann
74%
Whispering Vaults Tormented Trobbio
74%
Wisp Thicket Father of the Flame
73%
Shellwood Shrine Guardian Seth
72%
Verdania Clover Dancers
70%
Shellwood Nyleth
70%
The Slab Broodmother
68%
Sinner's Road Disgraced Chef Lugoli
67%
Blasted Steps Lost Garmond
67%
Mount Fay Pinstress
67%
High Halls Second Sentinel
66%
Deep Docks Forebrothers Signis and Gron
65%
Whiteward The Unravelled
65%
Greymoor Crawfather
64%
Verdania Palestag
63%
Greymoor (Secret) Shakra
61%
Wormways Plasmified Zango
56%
Sands of Karak Watcher at the Edge
49%
Sands of Karak Voltvyrm
48%
Choral Chambers Bell Eater
47%
Far Fields Gurr the Outcast
47%
No matching quizzes found
Score Distribution
Percent of People with Each Score
Percentile by Number Answered
Your Score History
You have not taken this quiz